|
|
|
|
| LEADER |
00588cam a2200169 7i4500 |
| 001 |
0000041171 |
| 005 |
20120301090000.0 |
| 020 |
|
|
|a 1857883330 (pbk.)
|
| 020 |
|
|
|a 9781857883336 (pbk.)
|
| 090 |
0 |
0 |
|a Z7164.S92
|b B83 2004
|
| 100 |
1 |
|
|a Butler-Bowdon, Tom
|
| 245 |
1 |
0 |
|a 50 success classics :
|b winning wisdom for work and life from 50 landmark books
|c Tom Butler-Bowdon.
|
| 246 |
3 |
|
|a Fifty success classics.
|
| 260 |
|
|
|a London:
|b Nicholas Brealey Pub.,
|c 2004.
|
| 300 |
|
|
|a vi, 315 p.;
|c 24 cm.
|
| 650 |
0 |
0 |
|a Success --
|z Bibliography
|
| 999 |
|
|
|a 0000050883
|b BOK
|c OPEN SHELF
|e 2nd Floor, Bestari Jaya
|